Quantitative Techniques in Management (Record no. 396982)

MARC details
000 -LEADER
fixed length control field 00329 a2200133 4500
000 - LEADER
fixed length control field nam a22 7a 4500
100 ## - MAIN ENTRY--PERSONAL NAME
Personal name Vohra, N. D
110 ## - MAIN ENTRY--CORPORATE NAME
Corporate name or jurisdiction name as entry element Vohra, N. D
245 ## - TITLE STATEMENT
Title Quantitative Techniques in Management
250 ## - EDITION STATEMENT
Edition statement 6th/Latest edition
260 ## - PUBLICATION, DISTRIBUTION, ETC.
Name of publisher, distributor, etc. McGraw Hill
Date of publication, distribution, etc. 2021
264 ## - PRODUCTION, PUBLICATION, DISTRIBUTION, MANUFACTURE, AND COPYRIGHT NOTICE
Name of producer, publisher, distributor, manufacturer McGraw Hill
Date of production, publication, distribution, manufacture, or copyright notice 2021
942 ## - ADDED ENTRY ELEMENTS (KOHA)
Koha item type Books
Holdings
Date last seen Total checkouts Barcode Cost, replacement price Price effective from Koha item type Lost status Source of classification or shelving scheme Damaged status Not for loan Withdrawn status Home library Current library Date acquired Source of acquisition Cost, normal purchase price
30/03/2026   420999 1060.00 30/03/2026 Books   Dewey Decimal Classification       VIVEKANANDA LIBRARY VIVEKANANDA LIBRARY 30/03/2026 53 795.00
30/03/2026   421001 1060.00 30/03/2026 Books   Dewey Decimal Classification       VIVEKANANDA LIBRARY VIVEKANANDA LIBRARY 30/03/2026 53 795.00
30/03/2026   421000 1060.00 30/03/2026 Books   Dewey Decimal Classification       VIVEKANANDA LIBRARY VIVEKANANDA LIBRARY 30/03/2026 53 795.00
30/03/2026   420998 1060.00 30/03/2026 Books   Dewey Decimal Classification       VIVEKANANDA LIBRARY VIVEKANANDA LIBRARY 30/03/2026 53 795.00
30/03/2026   421002 1060.00 30/03/2026 Books   Dewey Decimal Classification       VIVEKANANDA LIBRARY VIVEKANANDA LIBRARY 30/03/2026 53 795.00
© Designed and Maintained by Vivekananda Library, MDU Rohtak